logo

Bir Sreshtho Munshi Abdur Rouf Library
Jhenaidah Cadet College

স্বাধীন বাংলা ফুটবল দল / (Record no. 13237)

MARC details
000 -LEADER
fixed length control field 00951nam a2200241 a 4500
001 - CONTROL NUMBER
JCCL Control Number 13237
003 - CONTROL NUMBER IDENTIFIER
JCCL marc code BD-JhCC
005 - DATE AND TIME OF LATEST TRANSACTION
control field 20230731084226.0
008 - FIXED-LENGTH DATA ELEMENTS--GENERAL INFORMATION
fixed length control field 230731s2022 bg a|||| |||| 000 0 ben d
020 ## - INTERNATIONAL STANDARD BOOK NUMBER
International Standard Book Number 9789849590040
035 ## - SYSTEM CONTROL NUMBER
system control number (BD-JhCC)13237
040 ## - CATALOGING SOURCE
Original cataloging agency BD-JhCC
Modifying agency BD-JhCC
041 ## - LANGUAGE CODE
Language code of Book ben
082 ## - DEWEY DECIMAL CLASSIFICATION NUMBER
Classification number 891.4435
Author mark and Year VUY 2022
100 ## - MAIN ENTRY--PERSONAL NAME
Personal name ভূঁইয়া, ওয়ালিউল্লাহ
245 ## - TITLE STATEMENT
Title স্বাধীন বাংলা ফুটবল দল /
Statement of responsibility, etc ওয়ালিউল্লাহ ভূঁইয়া; ইলাস্ট্রেটর তাহফিমুল ইসলাম
260 ## - PUBLICATION, DISTRIBUTION, ETC. (IMPRINT)
Place of publication, distribution, etc ঢাকা :
Name of publisher, distributor, etc goofi,
Date of publication, distribution, etc ২০২২
300 ## - PHYSICAL DESCRIPTION
Pagination ৩৯ পৃ. :
Other physical details রঙিন পৃষ্ঠা;
Dimensions ২২ সেমি.
504 ## - BIBLIOGRAPHY, ETC. NOTE
Bibliography, etc গ্রন্থপঞ্জি সংযোজিত।
650 ## - SUBJECT ADDED ENTRY--TOPICAL TERM
Topical term or geographic name as entry element Bengali Short story
700 ## - ADDED ENTRY--PERSONAL NAME
Personal name ইসলাম, তাহফিমুল
942 ## - ADDED ENTRY ELEMENTS (KOHA)
Source of classification or shelving scheme Dewey Decimal Classification
Koha item type Books
Holdings
Source of classification or shelving scheme Damaged status Not for loan Home library Current library Shelving location Date of accession Cost, normal purchase price Total Checkouts Full call number Barcode Date last seen Copy number Method of acquisition Koha item type Currency
Dewey Decimal Classification     JCC Rouf Library JCC Rouf Library General Stacks 06/23/2023 250.00   891.4435 VUY 2022 18472 07/31/2023 C-1 Purchase Books BDT

JCC Library | Contacts | JCC Home

Last Update on 23 September 2017
Copyright @ 2017-2020 JCC Rouf Library
Rouf Library, Jhenidah Cadet College (JCC), Bangladesh